000
00371nam a2200169Ia 4500
008
230524s9999 xx 000 0 und d
020
_a
8185336202
082
_b
SRI
100
_a
L.S.Srinath
245
0
_a
Pert and Cpm
250
_a
3
260
_a
New Delhi
_b
EWP
_c
2013
300
_a
"vi,201p;"
500
_a
Quantity Number: 2
650
_a
Civil
942
_c
BK
999
_c
55739
_d
55739